000 00844cam a2200301 4500500
005 20260405003444.0
041 _afre
042 _adc
100 1 0 _ade Oliveira, Victorine
_eauthor
245 0 0 _a“Manifeste du parti communiste”. Les extraits
260 _c2022.
500 _a45
690 _aBourgeoisie
690 _aCommunisme
690 _aDialectique
690 _aEngels
690 _aHistoire
690 _aLutte des classes
690 _aMarx
690 _aMatérialisme historique
690 _aOuvrier
690 _aProduction
690 _aprolétariat
690 _aPropriété
690 _aSalaire
786 0 _nPhilosophie magazine | 156 | 2 | 2022-02-01 | p. 48-51 | 1951-1787
856 4 1 _uhttps://shs.cairn.info/magazine-philosophie-magazine-2022-2-page-48?lang=fr&redirect-ssocas=7080
999 _c2067672
_d2067672